Statistics for American History Quotes #2

Click here to take the quiz!

General Stats

  • This quiz has been taken 36,936 times
  • The average score is 10 of 16

Answer Stats

Who Said ItQuote% Correct
Muhammad AliFloat like a {butterfly}, sting like a bee
88%
Ben FranklinNothing is certain but death and {taxes}
85%
Lou GehrigToday I consider myself the {luckiest} man on the face of the earth
81%
Abraham Lincoln{Four} {score} and seven years ago our fathers brought forth
on this continent a new nation
80%
Neil ArmstrongThe {Eagle} has landed
78%
John F. Kennedy{Ask} {not} what your country can do for you
76%
Various (Texas Revolution)Remember the {Alamo}
75%
Joseph McCarthy & palsAre you now or have you ever been a member of the {Communist} {Party}?
65%
Nathan HaleI only regret that I have but {one} {life} to lose for my country
64%
Allen GinsbergI saw the best minds of my {generation} destroyed by madness
62%
John Paul JonesI have not yet begun to {fight}!
51%
Robert OppenheimerI am become death, the destroyer of {worlds}
49%
Douglas MacArthurI shall {return}
47%
Dwight EisenhowerWe must guard against... the {military}-industrial complex
44%
Andrew CarnegieThe man who dies {rich} dies disgraced
40%
Thomas PaineThese are the times that try men's {souls}
39%

Score Distribution

Percentile by Number Answered

Percent of People with Each Score

Your Score History

You have not taken this quiz